000
00331 a2200145 4500
001
157252
020
_a
9788574068084
040
_c
Escola São Tomás de Aquino
100
_a
LALAU
240
1
0
_a
Bebês brasileirinhos
_l
por
245
1
0
_a
Bebês brasileirinhos
362
0
_a
2017
697
_a
*LITERATURA INFANTIL
942
_c
BK
999
_c
157252
_d
157252